| 000 | 00451nam a22001697a 4500 | ||
|---|---|---|---|
| 003 | SGT | ||
| 020 | _a9789356960848 | ||
| 082 |
_a612 _bE23S |
||
| 100 | _aSEMBULINGAM, K. | ||
| 245 | _aESSENTIALS OF MEDICAL PHYSIOLOGY | ||
| 250 | _a9TH | ||
| 260 |
_aINDIA _bJAYPEE PUB _c2023 |
||
| 300 | _a997 | ||
| 650 | _aHUMAN PHYSIOLOGY | ||
| 700 | _aGENERAL PHYSIOLOGY , BLOOD AND BODY FLUIDS,MUSCLE PHYSIOLOGY, DIGESTIVE SYSTEM, | ||
| 942 |
_2ddc _cBK _0441 |
||
| 999 |
_c23742 _d23742 |
||